00445nam a2200193Ia 4500003000900000008004100009040001300050040001300063041000800076100001600084245005200100250001100152260002100163260000900184300001100193300001000204490003000214490000700244IT-RoPAU120407s9999 xx 000 0 und d aIT-RoPAU cIT-RoPAU aita aYves Raguin aGli spazi della fede. Saggio di vita spirituale aRoma  aEdizioni Paoline c1982 a150 p. c21 cm aLe ragioni della speranza v13